000
00313nam a22001337a 4500
020
_a
81-7478-541-8
082
_a
920
_b
SAN/I
100
_a
SANDHYA ,R
245
_a
THE INFINITE MIND LIFE & TIMES OF J KRISHNAMURTI
260
_a
CHENNAI
_b
SURA BOOKS
300
_a
80
650
_a
BIOGRAPHY
_z
CHENNAI
942
_c
BK
999
_c
6432
_d
6432